| 000 | 00793nam a22002777a 4500 | ||
|---|---|---|---|
| 001 | 200427919 | ||
| 003 | TR-AnTOB | ||
| 005 | 20240925073655.0 | ||
| 008 | 171117b xxu||||| |||| 00| 0 eng d | ||
| 020 |
_a9786051850788 _cpaperback |
||
| 040 |
_aTR-AnTOB _beng _cTR-AnTOB _erda |
||
| 041 | _atur | ||
| 050 | 0 | 0 |
_aPL248.K855 _bK3 2017 |
| 090 |
_aPL248.K855 _bK3 2017 |
||
| 100 | 1 |
_aKulin, Ayşe _d1941- _eauthor _9117132 |
|
| 245 | 1 | 0 |
_aKanadı kırık kuşlar / _cAyşe Kulin. |
| 264 | 1 |
_aİstanbul : _bEverest, _c2017. |
|
| 300 |
_a390 pages : _c20 cm |
||
| 336 |
_2rdacontent _atext |
||
| 337 |
_2rdamedia _aunmediated |
||
| 338 |
_2rdacarrier _avolume |
||
| 650 | 0 |
_aTurkish fiction. _97165 |
|
| 650 | 7 |
_aTürk romanı _2etuturkob _99421 |
|
| 942 |
_2lcc _cBK |
||
| 999 |
_c200427919 _d45843 |
||